[Event "AUTO-MASTER-914"]
[Site "http://www.queenalice.com/game.php?id=656891"]
[Date "2009.9.23"]
[Round "1"]
[White "luizafonsoe"]
[Black "SirKnight"]
[Result "0-1"]
[WhiteElo "1690"]
[BlackElo "2076"]

1. e4 e5 2. d4 exd4 3. Nf3 Nc6 4. Nxd4 Bc5 5. Be3 Qf6 6. c3 Nge7 7. g3 d6 8. Bg2
Ne5 9. O-O O-O 10. h3 Nc4 11. Bc1 Be6 12. Bf4 Ng6 13. Qe2 Bxd4 14. cxd4 Nxf4 15.
gxf4 Qxd4 16. Nc3 Nb6 17. Rad1 Qf6 18. f5 Bc4 19. Qe3 Bxf1 20. Rxf1 c6 21. b3
Nd7 0-1

[Event "AUTO-MASTER-914"]
[Site "http://www.queenalice.com/game.php?id=656904"]
[Date "2009.9.23"]
[Round "1"]
[White "Andreu"]
[Black "luizafonsoe"]
[Result "1-0"]
[WhiteElo "1966"]
[BlackElo "1833"]

1. e4 c5 2. Nf3 d6 3. Bc4 Nf6 4. d3 Nc6 5. Bg5 e6 6. O-O h6 7. Bd2 e5 8. Nc3 Bg4
9. a3 Nd4 10. Bd5 Nxd5 11. Nxd5 Be7 12. c3 Ne6 13. b4 cxb4 14. axb4 O-O 15. h3
Bh5 16. Nxe7+ Qxe7 17. Qe2 Nf4 18. Qe3 Qf6 19. Rxa7 Rab8 20. Qb6 Nxd3 21. Rxb7
Qd8 22. Rxb8 1-0

[Event "AUTO-MASTER-914"]
[Site "http://www.queenalice.com/game.php?id=656905"]
[Date "2009.9.23"]
[Round "1"]
[White "luizafonsoe"]
[Black "Andreu"]
[Result "0-1"]
[WhiteElo "1853"]
[BlackElo "1954"]

1. e4 e5 2. Nf3 d6 3. d4 Nf6 4. Nc3 Bg4 5. dxe5 Bxf3 6. Qxf3 dxe5 7. Bc4 Bc5 8.
Bg5 Nbd7 9. Rd1 Bd4 10. O-O O-O 11. Nd5 c6 12. Nxf6+ Nxf6 13. Bxf6 Qxf6 14. Qxf6
gxf6 15. b3 b5 16. Be2 h6 17. Kh1 Kg7 18. Bh5 b4 19. h3 a5 20. Rb1 Rad8 21. f3
Rg8 22. Rbd1 c5 23. f4 Kf8 0-1

[Event "AUTO-MASTER-914"]
[Site "http://www.queenalice.com/game.php?id=656914"]
[Date "2009.9.23"]
[Round "1"]
[White "luizafonsoe"]
[Black "thewhitebishop"]
[Result "0-1"]
[WhiteElo "1870"]
[BlackElo "2086"]

1. e4 Nf6 2. e5 Nd5 3. d4 d6 4. Nf3 g6 5. Bc4 Nb6 6. Bb3 Bg7 7. O-O Bg4 8. h3
Bf5 9. Nc3 Nc6 10. Bf4 d5 11. a3 Qd7 12. Re1 O-O-O 13. Ng5 Rdf8 14. Ba4 h6 15.
Nf3 Nxa4 16. Nxa4 b6 17. c3 g5 18. Bg3 e6 19. b4 g4 20. hxg4 Bxg4 0-1

[Event "AUTO-MASTER-914"]
[Site "http://www.queenalice.com/game.php?id=656915"]
[Date "2009.9.23"]
[Round "1"]
[White "thewhitebishop"]
[Black "luizafonsoe"]
[Result "1-0"]
[WhiteElo "2078"]
[BlackElo "1878"]

1. d4 Nf6 2. c4 e6 3. Nc3 Bb4 4. a3 Bxc3+ 5. bxc3 c5 6. f3 d6 7. e4 Nc6 8. Be3
Qa5 9. Qd2 O-O 10. d5 exd5 11. cxd5 Ne5 12. Bg5 Ned7 13. Bd3 Ne5 14. Bxf6 gxf6
15. Ne2 Ng6 16. O-O Qd8 17. Ng3 Kh8 18. f4 f5 19. c4 fxe4 20. Qc3+ Kg8 21. Nxe4
1-0

[Event "AUTO-MASTER-918"]
[Site "http://www.queenalice.com/game.php?id=659521"]
[Date "2009.9.28"]
[Round "1"]
[White "aknightout"]
[Black "luizafonsoe"]
[Result "1-0"]
[WhiteElo "1768"]
[BlackElo "1724"]

1. e4 c5 2. Nf3 Nc6 3. d3 e6 4. g3 d6 5. Bg2 Nf6 6. O-O Be7 7. Nbd2 O-O 8. Re1
Bd7 9. Nf1 Ne8 10. Ne3 g6 11. Ng4 Ng7 12. h4 h5 13. Nh6+ Kh7 14. Nh2 1-0

[Event "AUTO-MASTER-918"]
[Site "http://www.queenalice.com/game.php?id=659522"]
[Date "2009.9.28"]
[Round "1"]
[White "luizafonsoe"]
[Black "aknightout"]
[Result "0-1"]
[WhiteElo "1710"]
[BlackElo "1782"]

1. d4 d6 2. e4 Nf6 3. Nc3 g6 4. Nf3 Bg7 5. Be2 O-O 6. O-O Re8 7. h3 c5 8. Be3
cxd4 9. Nxd4 Nc6 10. Nxc6 bxc6 11. e5 dxe5 12. Qxd8 Rxd8 13. Bc5 Rd2 14. Bd3 Bf5
0-1

[Event "AUTO-MASTER-918"]
[Site "http://www.queenalice.com/game.php?id=659537"]
[Date "2009.9.28"]
[Round "1"]
[White "phystutordotcom"]
[Black "luizafonsoe"]
[Result "1-0"]
[WhiteElo "2103"]
[BlackElo "1885"]

1. Nf3 d5 2. d3 Nf6 3. Nbd2 Nc6 4. e4 e5 5. g3 dxe4 6. dxe4 Bc5 7. Bg2 O-O 8.
O-O Qe7 9. c3 a5 10. Qc2 b6 11. Nb3 Bd6 12. h3 Ba6 13. Rd1 Nd8 14. Nh4 g6 15.
Bh6 Re8 16. Rd2 Ne6 17. Rad1 1-0

[Event "AUTO-MASTER-918"]
[Site "http://www.queenalice.com/game.php?id=659538"]
[Date "2009.9.28"]
[Round "1"]
[White "luizafonsoe"]
[Black "phystutordotcom"]
[Result "0-1"]
[WhiteElo "1800"]
[BlackElo "2109"]

1. d4 d6 2. c4 Nd7 3. e4 e5 4. Nf3 Ngf6 5. Nc3 Be7 6. Be2 O-O 7. O-O c6 8. Qc2
a6 9. Rd1 Qc7 10. Bg5 b6 11. dxe5 dxe5 12. Nh4 h6 13. Bxf6 Nxf6 14. Nf3 Be6 15.
h3 Rfd8 0-1

[Event "AUTO-MASTER-918"]
[Site "http://www.queenalice.com/game.php?id=659549"]
[Date "2009.9.28"]
[Round "1"]
[White "luizafonsoe"]
[Black "joules"]
[Result "1-0"]
[WhiteElo "1680"]
[BlackElo "1826"]

1. d4 g6 2. e4 c5 3. d5 Bg7 4. c4 d6 5. Nc3 Na6 6. Nf3 Nf6 7. Be2 O-O 8. O-O Nc7
9. h3 e6 10. Be3 exd5 11. cxd5 Re8 12. Bg5 h6 13. Bxf6 Qxf6 14. Qd2 Bd7 15. Rae1
1-0

[Event "AUTO-MASTER-918"]
[Site "http://www.queenalice.com/game.php?id=659550"]
[Date "2009.9.28"]
[Round "1"]
[White "joules"]
[Black "luizafonsoe"]
[Result "0-1"]
[WhiteElo "1804"]
[BlackElo "1702"]

1. Nf3 d5 2. g3 Nf6 3. Bg2 c6 4. d3 Bg4 5. Nbd2 Nbd7 6. h3 Bh5 7. O-O e6 8. b3
Bd6 9. Bb2 O-O 10. e4 e5 11. a4 d4 12. c3 c5 13. cxd4 cxd4 14. Nc4 Bc7 15. Rc1
Qe7 0-1

[Event "AUTO-MASTER-921"]
[Site "http://www.queenalice.com/game.php?id=661597"]
[Date "2009.10.2"]
[Round "1"]
[White "Sherlock6834"]
[Black "luizafonsoe"]
[Result "1-0"]
[WhiteElo "2040"]
[BlackElo "1796"]

1. c4 e5 2. Nc3 Nc6 3. g3 Nf6 4. Bg2 Bc5 5. e3 d5 6. Nxd5 Nxd5 7. Bxd5 Nb4 8.
Be4 Be6 9. d3 c6 10. a3 Na6 11. b4 Be7 12. Bb2 Bf6 13. Nf3 Bg4 14. Qc2 Bxf3 15.
Bxf3 O-O 16. O-O Re8 17. Rad1 1-0

[Event "AUTO-MASTER-921"]
[Site "http://www.queenalice.com/game.php?id=661598"]
[Date "2009.10.2"]
[Round "1"]
[White "luizafonsoe"]
[Black "Sherlock6834"]
[Result "0-1"]
[WhiteElo "1790"]
[BlackElo "2046"]

1. e4 c6 2. d4 d5 3. Nc3 dxe4 4. Nxe4 Bf5 5. Ng3 Bg6 6. h4 h6 7. Nf3 Nf6 8. Ne5
Bh7 9. Bd3 Bxd3 10. Qxd3 Nbd7 11. Ng6 Nc5 12. Qc4 fxg6 13. Qxc5 Qd5 14. Qxd5
cxd5 15. Bd2 e6 16. O-O-O Bd6 0-1

[Event "AUTO-MASTER-921"]
[Site "http://www.queenalice.com/game.php?id=661603"]
[Date "2009.10.2"]
[Round "1"]
[White "Buuuu"]
[Black "luizafonsoe"]
[Result "1-0"]
[WhiteElo "2141"]
[BlackElo "1863"]

1. e4 c5 2. Nf3 d6 3. d4 Nf6 4. Nc3 cxd4 5. Nxd4 a6 6. Bc4 e6 7. Bb3 Nbd7 8. Bg5
Nc5 9. f4 Be7 10. Qf3 Qc7 11. O-O-O b5 12. Bxf6 Bxf6 13. Nf5 Nxb3+ 14. axb3 exf5
15. Nd5 Qd7 16. Nxf6+ gxf6 17. exf5 Bb7 18. Rhe1+ Kf8 19. Qh3 Qd8 20. Qh6+ 1-0

[Event "AUTO-MASTER-921"]
[Site "http://www.queenalice.com/game.php?id=661604"]
[Date "2009.10.2"]
[Round "1"]
[White "luizafonsoe"]
[Black "Buuuu"]
[Result "0-1"]
[WhiteElo "1858"]
[BlackElo "2145"]

1. e4 c6 2. d4 d5 3. Nc3 dxe4 4. Nxe4 Bf5 5. Nc5 b6 6. Nb3 e6 7. Nf3 Bd6 8. g3
Qc7 9. Bg2 Nd7 10. Nh4 Bg6 11. Nxg6 hxg6 12. O-O Nh6 13. Be3 Rd8 14. Qe2 Nf5 15.
Bg5 Nf6 16. Bxf6 gxf6 17. c3 Kf8 18. Nd2 Kg7 19. Ne4 Rh6 0-1

[Event "AUTO-OPEN-1606"]
[Site "http://www.queenalice.com/game.php?id=663419"]
[Date "2009.10.6"]
[Round "2"]
[White "jagvg"]
[Black "luizafonsoe"]
[Result "1-0"]
[WhiteElo "2293"]
[BlackElo "1818"]

1. e4 c5 2. Nf3 d6 3. d4 cxd4 4. Nxd4 Nf6 5. Nc3 a6 6. Bc4 e6 7. Bb3 b5 8. O-O
e5 9. Nf5 g6 10. Ng3 Bg7 11. Bg5 Bb7 12. a4 bxa4 13. Bxa4+ Bc6 14. Qd3 Bxa4 15.
Rxa4 1-0

[Event "AUTO-OPEN-1606"]
[Site "http://www.queenalice.com/game.php?id=663420"]
[Date "2009.10.6"]
[Round "2"]
[White "luizafonsoe"]
[Black "jagvg"]
[Result "0-1"]
[WhiteElo "1820"]
[BlackElo "2292"]

1. e4 e5 2. Nf3 Nc6 3. Bc4 Bc5 4. c3 Nf6 5. d4 exd4 6. cxd4 Bb4+ 7. Bd2 Nxe4 8.
Bxb4 Nxb4 9. O-O d5 10. a3 dxc4 11. axb4 O-O 12. Nbd2 Nxd2 13. Qxd2 Be6 14. Rfe1
Re8 15. b5 Bd5 0-1

[Event "AUTO-OPEN-1606"]
[Site "http://www.queenalice.com/game.php?id=663425"]
[Date "2009.10.6"]
[Round "2"]
[White "luizantoniosetti"]
[Black "luizafonsoe"]
[Result "1-0"]
[WhiteElo "2092"]
[BlackElo "1733"]

1. e4 c5 2. Nf3 d6 3. d3 e5 4. g3 g6 5. Bg2 Bg7 6. c3 Nc6 7. O-O Nge7 8. Nbd2
O-O 9. Re1 h6 10. a4 Be6 11. h4 Qd7 12. Kh2 Bg4 13. Nc4 h5 14. Be3 b6 15. Qd2
1-0

[Event "AUTO-OPEN-1606"]
[Site "http://www.queenalice.com/game.php?id=663426"]
[Date "2009.10.6"]
[Round "2"]
[White "luizafonsoe"]
[Black "luizantoniosetti"]
[Result "0-1"]
[WhiteElo "1735"]
[BlackElo "2090"]

1. e4 e6 2. d4 d5 3. Nc3 Bb4 4. e5 c5 5. a3 Bxc3+ 6. bxc3 Ne7 7. Qg4 O-O 8. Bd3
c4 9. Bh6 Ng6 10. Bxg6 fxg6 11. Be3 Nc6 12. h4 Bd7 13. h5 Qe8 14. hxg6 h6 15.
Nf3 Ne7 0-1